[Event "24th Grunwald Cup"]
[Site "Hotel Start-Dadaj Ramsowo"]
[Date "2009.09.22"]
[Round "4.15"]
[White "Wyrzykowski, Jozef"]
[Black "Rutkowski, Bogdan"]
[Result "1-0"]
[WhiteElo "1786"]
[BlackElo "1875"]
[PlyCount "43"]
[EventDate "2009.09.19"]
[EventType "swiss"]
[EventRounds "9"]
[EventCountry "POL"]

1. g3 d5 2. d4 c6 3. Bg2 Nf6 4. b3 Nbd7 5. Nc3 e5 6. dxe5 Nxe5 7. Nf3 Nxf3+ 8.
Bxf3 Bh3 9. Qd4 Qa5 10. Bd2 Qc5 11. Qh4 Bf5 12. e4 d4 13. exf5 dxc3 14. Be3
Qxf5 15. Bd1 Be7 16. O-O O-O-O 17. Bxa7 g5 18. Qc4 Qh3 19. Qxc3 Rxd1 20. Rfxd1
Re8 21. Qe5 Nd7 22. Rxd7 1-0

[Event "24th Grunwald Cup"]
[Site "Hotel Start-Dadaj Ramsowo"]
[Date "2009.09.22"]
[Round "5.1"]
[White "Dukaczewski, Piotr"]
[Black "Pawelec, Bartosz"]
[Result "1-0"]
[WhiteElo "2285"]
[BlackElo "2040"]
[PlyCount "79"]
[EventDate "2009.09.19"]
[EventType "swiss"]
[EventRounds "9"]
[EventCountry "POL"]

1. Nf3 Nc6 2. d4 d5 3. Bf4 Bf5 4. e3 e6 5. Be2 Bd6 6. Bg3 Nf6 7. O-O Bxg3 8.
hxg3 Qd6 9. c4 dxc4 10. Nbd2 O-O 11. Nxc4 Qe7 12. a3 a5 13. Qb3 Rfb8 14. Rac1
Be4 15. Ncd2 a4 16. Qa2 Bd5 17. Qb1 Na5 18. e4 Bc6 19. Rc3 Nb3 20. Bd3 Nxd2 21.
Nxd2 h5 22. Nf3 Ra5 23. Rfc1 Rc8 24. Qc2 Ng4 25. Qd2 Bb5 26. Rc5 Bxd3 27. Rxa5
Bxe4 28. Rxh5 Nf6 29. Ra5 Nd5 30. Rxa4 b5 31. Ra5 b4 32. Rac5 bxa3 33. bxa3 Rb8
34. Qe1 Bxf3 35. gxf3 Qf6 36. Qe4 Rb3 37. Kg2 Rxa3 38. Rh1 g6 39. Rxd5 exd5 40.
Qe8+ 1-0

[Event "24th Grunwald Cup"]
[Site "Hotel Start-Dadaj Ramsowo"]
[Date "2009.09.22"]
[Round "5.2"]
[White "Falkowski, Dawid"]
[Black "Gunajew, Rafal"]
[Result "1-0"]
[WhiteElo "2086"]
[BlackElo "2261"]
[PlyCount "73"]
[EventDate "2009.09.19"]
[EventType "swiss"]
[EventRounds "9"]
[EventCountry "POL"]

1. e4 c5 2. Nc3 e6 3. g3 Nc6 4. Bg2 Nf6 5. d3 Be7 6. f4 d6 7. Nge2 Qc7 8. O-O
a6 9. h3 Bd7 10. Be3 b5 11. g4 b4 12. e5 bxc3 13. exf6 cxb2 14. fxe7 bxa1=Q 15.
Qxa1 f6 16. g5 Kxe7 17. f5 e5 18. Nc3 Qd8 19. Nd5+ Kf7 20. gxf6 gxf6 21. Qd1 h5
22. c3 Qg8 23. Kh2 Qh7 24. Nc7 Rac8 25. Bd5+ Ke7 26. Nxa6 Nd8 27. Rg1 Bb5 28.
Rg6 Bxa6 29. Qg1 Nf7 30. Rg7 Rcf8 31. Rxh7 Rxh7 32. Qg6 Rfh8 33. Qg1 Bb5 34.
Qb1 Bd7 35. Qb7 Nd8 36. Qc7 Rg7 37. a4 1-0

[Event "24th Grunwald Cup"]
[Site "Hotel Start-Dadaj Ramsowo"]
[Date "2009.09.22"]
[Round "5.3"]
[White "Wojcieszyn, Zdzislaw"]
[Black "Stachanczyk, Jacek"]
[Result "0-1"]
[WhiteElo "2039"]
[BlackElo "2212"]
[PlyCount "150"]
[EventDate "2009.09.19"]
[EventType "swiss"]
[EventRounds "9"]
[EventCountry "POL"]

1. d4 d5 2. c4 c6 3. Nc3 dxc4 4. a4 Nf6 5. e3 Bf5 6. Bxc4 e6 7. Nf3 Bb4 8. O-O
O-O 9. Qb3 Qe7 10. Na2 Bd6 11. Bd2 Be4 12. Bb4 c5 13. Bxc5 Bxc5 14. dxc5 Qxc5
15. Qb5 Nbd7 16. Rfd1 Bc6 17. Qxc5 Nxc5 18. Nc3 Bxf3 19. gxf3 Rfd8 20. Kf1 Kf8
21. Ke2 Ke7 22. Rac1 Rxd1 23. Rxd1 Rc8 24. Ba2 Ncd7 25. Rd4 Rc5 26. Kf1 Rh5 27.
Kg2 a6 28. f4 Rc5 29. Kf3 Nb8 30. Rb4 Rc7 31. Rd4 Nc6 32. Rd2 Nb4 33. Bb3 Rc5
34. Rd4 Nc6 35. Rd1 Na5 36. Ba2 Nc4 37. Bxc4 Rxc4 38. h3 Rb4 39. Rd2 Nd7 40.
Rc2 Rc4 41. Rd2 Nc5 42. Rd4 Rxd4 43. exd4 Nd3 44. b3 Nb4 45. Ne4 b6 46. Ke3 h6
47. Ng3 Nd5+ 48. Kf3 g6 49. h4 h5 50. Ne4 Nb4 51. Ke3 Nc2+ 52. Kd3 Ne1+ 53. Kc4
Ng2 54. a5 bxa5 55. Kc5 Nxh4 56. Kb6 Nf5 57. Kc5 h4 58. Ng5 f6 59. Nh3 Kd7 60.
d5 Ne7 61. dxe6+ Kxe6 62. Kd4 Kf5 63. f3 Ke6 64. Kc5 Nf5 65. Kc4 Kd6 66. Kd3
Kc6 67. Kc3 Kc5 68. Kb2 Kb4 69. Ka2 a4 70. bxa4 Kxa4 71. Kb2 Kb4 72. Ka2 a5 73.
Kb2 Nd4 74. Ng1 a4 75. Ka2 a3 0-1

[Event "24th Grunwald Cup"]
[Site "Hotel Start-Dadaj Ramsowo"]
[Date "2009.09.22"]
[Round "5.4"]
[White "Suder, Ryszard"]
[Black "Chojnowski, Marcin"]
[Result "0-1"]
[WhiteElo "2163"]
[BlackElo "2114"]
[PlyCount "111"]
[EventDate "2009.09.19"]
[EventType "swiss"]
[EventRounds "9"]
[EventCountry "POL"]

1. Nf3 Nf6 2. g3 g6 3. Bg2 Bg7 4. O-O O-O 5. d3 d6 6. Nbd2 e5 7. e4 Nc6 8. Nc4
h6 9. c3 b5 10. Ne3 b4 11. Qa4 Bd7 12. Qc2 a5 13. Bd2 Rb8 14. Rac1 Be6 15. c4
Nd7 16. Qa4 Nc5 17. Qc2 b3 18. axb3 Nxb3 19. Rb1 a4 20. Bc3 Ncd4 21. Qd1 c6 22.
Nd2 Nc5 23. Nf3 Qb6 24. Nc2 Ndb3 25. Ne3 Kh7 26. g4 Rb7 27. h3 Rfb8 28. Re1 Qa6
29. Bf1 a3 30. bxa3 Qxa3 31. Nc2 Qa7 32. Kg2 f5 33. gxf5 gxf5 34. Nd2 Nxd2 35.
Rxb7 Qxb7 36. Qxd2 Qd7 37. Kh2 Bf6 38. f4 Rg8 39. Qf2 fxe4 40. fxe5 Bxe5+ 41.
Bxe5 dxe5 42. Qxc5 exd3 43. Ne3 d2 44. Rd1 Qf7 45. Qxe5 Qf2+ 46. Bg2 Bxh3 47.
Qe4+ Kh8 48. Qd4+ Rg7 49. Rxd2 Qg3+ 50. Kh1 Qe1+ 51. Kh2 Qg3+ 52. Kg1 Qe1+ 53.
Nf1 c5 54. Qd8+ Rg8 55. Qf6+ Kh7 56. Rf2 0-1

[Event "24th Grunwald Cup"]
[Site "Hotel Start-Dadaj Ramsowo"]
[Date "2009.09.22"]
[Round "5.5"]
[White "Zoltek, Tadeusz"]
[Black "Sargalski, Andrzej"]
[Result "1-0"]
[WhiteElo "2214"]
[BlackElo "1954"]
[PlyCount "102"]
[EventDate "2009.09.19"]
[EventType "swiss"]
[EventRounds "9"]
[EventCountry "POL"]

1. Nf3 d5 2. d4 c6 3. c4 Nf6 4. Nc3 e6 5. e3 Nbd7 6. Qc2 Bd6 7. Be2 b6 8. O-O
Bb7 9. b3 Rc8 10. Bb2 c5 11. dxc5 Nxc5 12. cxd5 exd5 13. Nb5 Bb8 14. Qf5 Nce4
15. Be5 a6 16. Bxb8 Rxb8 17. Qe5+ Kf8 18. Nbd4 g6 19. Rac1 Kg7 20. h3 Re8 21.
Qc7 Re7 22. Qxd8 Rxd8 23. Nc6 Bxc6 24. Rxc6 Rb8 25. Rfc1 a5 26. Nd4 Rd7 27. Bb5
Nd6 28. Bd3 Nde4 29. Kf1 Nc5 30. Bb5 Nce4 31. R6c2 Rd6 32. Ke2 Nd7 33. Bxd7
Rxd7 34. Rc7 Rb7 35. Rxb7 Rxb7 36. Rc6 Nf6 37. Nb5 Ne8 38. Rc8 Nf6 39. Rc6 Ne8
40. Kd3 Rb8 41. Nd6 Kf8 42. Nxe8 Kxe8 43. Rd6 Ke7 44. Rxd5 Rc8 45. Kd2 Ke6 46.
Rd4 Rc5 47. Re4+ Kf5 48. Rh4 h5 49. Rc4 Rd5+ 50. Rd4 Re5 51. Rd6 Rb5 1-0

[Event "24th Grunwald Cup"]
[Site "Hotel Start-Dadaj Ramsowo"]
[Date "2009.09.22"]
[Round "5.6"]
[White "Misiejuk, Zdzislaw"]
[Black "Stolarczyk, Anna"]
[Result "1-0"]
[WhiteElo "1982"]
[BlackElo "2006"]
[PlyCount "87"]
[EventDate "2009.09.19"]
[EventType "swiss"]
[EventRounds "9"]
[EventCountry "POL"]

1. e4 c5 2. Nf3 d6 3. c3 Nf6 4. h3 Bd7 5. d3 Nc6 6. Be3 g6 7. Qd2 Bg7 8. g4 b5
9. Bg2 Rb8 10. Bh6 O-O 11. Bxg7 Kxg7 12. Na3 a6 13. Nc2 c4 14. Ne3 cxd3 15.
Qxd3 Qb6 16. O-O Rfc8 17. Rfd1 b4 18. c4 Nd8 19. e5 dxe5 20. Nxe5 Be6 21. b3
Nb7 22. Nd5 Bxd5 23. cxd5 Rc3 24. Qd4 Nd8 25. Qf4 Qd6 26. Qd4 Kg8 27. Nc4 Qd7
28. Qe5 Rb5 29. Qd4 Ne8 30. Rd2 Nd6 31. Rad1 N8b7 32. Ne5 Qc7 33. Nc6 a5 34.
Re1 Nc8 35. Rde2 e6 36. dxe6 Rxc6 37. exf7+ Kxf7 38. Bxc6 Qxc6 39. Qh8 Nbd6 40.
Qxh7+ Kf6 41. Re6+ Kg5 42. Rxg6+ Kf4 43. Qh6+ Kf3 44. Qe3# 1-0

[Event "24th Grunwald Cup"]
[Site "Hotel Start-Dadaj Ramsowo"]
[Date "2009.09.22"]
[Round "5.8"]
[White "Bakalarczyk, Wlodzimierz"]
[Black "Hornik, Bronislaw"]
[Result "1/2-1/2"]
[WhiteElo "2038"]
[BlackElo "1900"]
[PlyCount "81"]
[EventDate "2009.09.19"]
[EventType "swiss"]
[EventRounds "9"]
[EventCountry "POL"]

1. d4 e6 2. Nf3 d5 3. e3 Nf6 4. Be2 b6 5. O-O Ba6 6. Bxa6 Nxa6 7. c4 Nb8 8. Nc3
Be7 9. Qa4+ Qd7 10. Qxd7+ Nbxd7 11. Ne5 Nxe5 12. dxe5 Ne4 13. Nb5 Bd8 14. cxd5
exd5 15. f3 Nc5 16. Rd1 a6 17. Nd4 Ke7 18. Nf5+ Ke6 19. Nxg7+ Kxe5 20. b3 f6
21. Bb2+ Kd6 22. e4 c6 23. Nf5+ Ke6 24. Nd4+ Kd6 25. exd5 cxd5 26. Nf5+ Ke6 27.
Ne3 Re8 28. Nxd5 Kf7 29. Kf1 Ra7 30. Rac1 Rd7 31. b4 Na4 32. Ba1 Re6 33. Ne3
Red6 34. Ke2 b5 35. Rxd6 Rxd6 36. Rd1 Bc7 37. g3 Rxd1 38. Kxd1 Ke6 39. Kc2 h5
40. f4 f5 41. Kd3 1/2-1/2

[Event "24th Grunwald Cup"]
[Site "Hotel Start-Dadaj Ramsowo"]
[Date "2009.09.22"]
[Round "5.9"]
[White "Zarow, Zdzislaw"]
[Black "Hagner, Pawel"]
[Result "1-0"]
[WhiteElo "2016"]
[BlackElo "1865"]
[PlyCount "92"]
[EventDate "2009.09.19"]
[EventType "swiss"]
[EventRounds "9"]
[EventCountry "POL"]

1. e4 g6 2. d4 Bg7 3. Be3 c6 4. c4 Nf6 5. Nc3 d6 6. Be2 Nbd7 7. h4 e5 8. d5
cxd5 9. cxd5 O-O 10. Qd2 a6 11. h5 Qa5 12. hxg6 fxg6 13. Nf3 Nc5 14. Bxc5 Qxc5
15. O-O Qc7 16. Rac1 Qe7 17. Qg5 Qf7 18. Qh4 h6 19. Nd2 b5 20. Nd1 Bb7 21. Ne3
Rac8 22. Ng4 Nxg4 23. Bxg4 Rce8 24. Be6 Rxe6 25. dxe6 Qxe6 26. Rc7 g5 27. Qg3
Bc8 28. Rfc1 Bd7 29. Nf1 Kh7 30. Ne3 Rf7 31. Nd5 Qg6 32. Nb6 Be6 33. Rxf7 Bxf7
34. Qf3 Bxa2 35. Ra1 Be6 36. Rxa6 g4 37. Qd3 Qg5 38. Ra1 Bf8 39. Nd5 h5 40. Qe3
Qh4 41. Ra7+ Bg7 42. g3 Qd8 43. Ne7 Qb8 44. Ra1 Qf8 45. Qg5 Bf7 46. Nf5 Bg6 1-0

[Event "24th Grunwald Cup"]
[Site "Hotel Start-Dadaj Ramsowo"]
[Date "2009.09.22"]
[Round "5.10"]
[White "Siluk, Zygmunt"]
[Black "Stankiewicz, Edward"]
[Result "1-0"]
[WhiteElo "1973"]
[BlackElo "1921"]
[PlyCount "63"]
[EventDate "2009.09.19"]
[EventType "swiss"]
[EventRounds "9"]
[EventCountry "POL"]

1. Nf3 d5 2. c3 c5 3. d3 Nc6 4. Nbd2 Nf6 5. e4 e5 6. Be2 Be7 7. O-O O-O 8. Re1
Bg4 9. Qc2 Rc8 10. Nf1 Qc7 11. Ne3 d4 12. Nxg4 Nxg4 13. Nxd4 Ne3 14. fxe3 cxd4
15. Bg4 Rcd8 16. cxd4 Qb6 17. d5 Nb4 18. Qb3 g6 19. Bd2 Na6 20. Qxb6 axb6 21.
Bc3 Bd6 22. d4 f6 23. a3 Kg7 24. Rf1 Nc7 25. b4 h5 26. Be2 Rd7 27. Bb2 Na6 28.
Rac1 Nb8 29. g4 Kh6 30. dxe5 fxe5 31. Rxf8 Bxf8 32. Bxe5 1-0

[Event "24th Grunwald Cup"]
[Site "Hotel Start-Dadaj Ramsowo"]
[Date "2009.09.22"]
[Round "5.11"]
[White "Rutkowski, Eugeniusz"]
[Black "Poswiatowski, Stanislaw"]
[Result "1-0"]
[WhiteElo "1890"]
[BlackElo "1674"]
[PlyCount "59"]
[EventDate "2009.09.19"]
[EventType "swiss"]
[EventRounds "9"]
[EventCountry "POL"]

1. d4 d5 2. c4 c6 3. e3 Nf6 4. Nf3 Bf5 5. Nc3 e6 6. Qb3 Qc7 7. Ne5 Be7 8. Be2
Nbd7 9. f4 Ne4 10. O-O O-O 11. g4 Nxc3 12. Qxc3 Be4 13. cxd5 exd5 14. Nd3 f5
15. Nf2 fxg4 16. Nxe4 dxe4 17. Bxg4 Rf6 18. Kh1 Bd6 19. a3 g5 20. d5 Be5 21.
Qc4 Bd6 22. dxc6+ Kg7 23. Bxd7 bxc6 24. Bg4 Raf8 25. Bd2 gxf4 26. Bc3 Be5 27.
exf4 Rxf4 28. Rxf4 Rxf4 29. Rg1 e3 30. Qxf4 1-0

[Event "24th Grunwald Cup"]
[Site "Hotel Start-Dadaj Ramsowo"]
[Date "2009.09.22"]
[Round "5.14"]
[White "Staruch, Roman"]
[Black "Czajkowski, Adam"]
[Result "0-1"]
[WhiteElo "1987"]
[BlackElo "1711"]
[PlyCount "98"]
[EventDate "2009.09.19"]
[EventType "swiss"]
[EventRounds "9"]
[EventCountry "POL"]

1. e4 c5 2. Nf3 e6 3. c3 d5 4. e5 Nc6 5. d4 f6 6. Bb5 Bd7 7. Be3 fxe5 8. Bxc6
Bxc6 9. Nxe5 Nf6 10. dxc5 Qc7 11. f4 d4 12. cxd4 Bxg2 13. Qa4+ Bc6 14. Nxc6
bxc6 15. O-O g6 16. Nc3 Bh6 17. Rae1 O-O 18. Qc2 Nh5 19. Qe4 Qd7 20. Ne2 Rf6
21. Ng3 Ng7 22. Rf2 Raf8 23. Ref1 Kf7 24. Qe5 Ke7 25. Ne4 Rf5 26. Qd6+ Qxd6 27.
Nxd6 R5f6 28. Ne4 Rf5 29. Ng5 Bxg5 30. fxg5 Rxf2 31. Bxf2 Rf4 32. Kg2 Rg4+ 33.
Kh3 Rf4 34. Kg2 Nf5 35. Rd1 Rg4+ 36. Kf3 Rxg5 37. h4 Rh5 38. Rh1 Ng7 39. Rg1
Rf5+ 40. Ke3 e5 41. Bg3 exd4+ 42. Kxd4 Ne6+ 43. Kc4 Rxc5+ 44. Kb4 Rc2 45. Be5
Re2 46. Bc3 Re4+ 47. Kb3 Rxh4 48. Bb4+ c5 49. Be1 Re4 0-1

[Event "24th Grunwald Cup"]
[Site "Hotel Start-Dadaj Ramsowo"]
[Date "2009.09.23"]
[Round "6.1"]
[White "Falkowski, Dawid"]
[Black "Dukaczewski, Piotr"]
[Result "0-1"]
[WhiteElo "2086"]
[BlackElo "2285"]
[PlyCount "102"]
[EventDate "2009.09.19"]
[EventType "swiss"]
[EventRounds "9"]
[EventCountry "POL"]

1. e4 c5 2. Nc3 Nc6 3. f4 g6 4. Bc4 Bg7 5. Nf3 e6 6. d3 Nge7 7. O-O d5 8. Bb3
O-O 9. Qe1 Nd4 10. Nxd4 cxd4 11. Ne2 dxe4 12. dxe4 Nc6 13. Rf3 b6 14. Bd2 Bb7
15. Rd1 Na5 16. Ng3 Nxb3 17. axb3 Qc7 18. c3 Rfd8 19. Rd3 Ba6 20. Rf3 dxc3 21.
Bxc3 Rxd1 22. Qxd1 Rd8 23. Qc2 Qc5+ 24. Kh1 Qd6 25. h3 Qd1+ 26. Qxd1 Rxd1+ 27.
Kh2 Bf8 28. f5 Bc5 29. fxe6 Bg1+ 30. Kh1 fxe6 31. h4 e5 32. Rf6 Be3+ 33. Kh2
Bf4 34. Re6 Kf7 35. Rc6 Rd3 36. Be1 Re3 37. Bf2 Rxb3 38. Rc7+ Ke6 39. Rxa7 Bd3
40. h5 Rxb2 41. Kg1 Rb1+ 42. Kh2 Bxe4 43. Kh3 gxh5 44. Nxh5 Rh1+ 45. Kg4 Bf5+
46. Kf3 Rxh5 47. g4 Rh3+ 48. Kg2 Bxg4 49. Bxb6 Rh2+ 50. Kg1 Rb2 51. Bf2 Bf3 0-1

[Event "24th Grunwald Cup"]
[Site "Hotel Start-Dadaj Ramsowo"]
[Date "2009.09.23"]
[Round "6.2"]
[White "Stachanczyk, Jacek"]
[Black "Chojnowski, Marcin"]
[Result "1-0"]
[WhiteElo "2212"]
[BlackElo "2114"]
[PlyCount "71"]
[EventDate "2009.09.19"]
[EventType "swiss"]
[EventRounds "9"]
[EventCountry "POL"]

1. e4 e6 2. d4 d5 3. Nc3 Bb4 4. e5 Ne7 5. a3 Bxc3+ 6. bxc3 b6 7. Qg4 O-O 8. h4
f6 9. Bh6 Nf5 10. exf6 Qxf6 11. Bg5 Qf7 12. Nf3 Nd7 13. Bd3 c5 14. O-O c4 15.
Be2 Nf6 16. Bxf6 Qxf6 17. Qf4 Bd7 18. a4 Be8 19. Rfe1 Bg6 20. h5 Bf7 21. Ne5
Rad8 22. Bg4 Nd6 23. Qxf6 gxf6 24. Nxf7 Kxf7 25. Bxe6+ Kg7 26. Bxd5 Nb5 27.
Re7+ Kh6 28. axb5 Rxd5 29. Raxa7 Rh8 30. Re6 Rxb5 31. Rxf6+ Kxh5 32. Rg7 h6 33.
Rgg6 Rb2 34. Kh2 Rxc2 35. g4+ Kh4 36. Rf3 1-0

[Event "24th Grunwald Cup"]
[Site "Hotel Start-Dadaj Ramsowo"]
[Date "2009.09.23"]
[Round "6.3"]
[White "Pawelec, Bartosz"]
[Black "Zoltek, Tadeusz"]
[Result "0-1"]
[WhiteElo "2040"]
[BlackElo "2214"]
[PlyCount "44"]
[EventDate "2009.09.19"]
[EventType "swiss"]
[EventRounds "9"]
[EventCountry "POL"]

1. e4 c5 2. c3 Nf6 3. e5 Nd5 4. d4 cxd4 5. cxd4 d6 6. Bc4 Nb6 7. Bb5+ Bd7 8. e6
fxe6 9. Bd3 Bc6 10. Qg4 Na6 11. Nc3 Nb4 12. Bb1 Qd7 13. Nf3 N4d5 14. Qh5+ g6
15. Bxg6+ hxg6 16. Qxh8 Nxc3 17. Bh6 O-O-O 18. bxc3 Bxf3 19. gxf3 Qc6 20. O-O-O
Bxh6+ 21. Qxh6 Qxc3+ 22. Kb1 Nc4 {#} 0-1

[Event "24th Grunwald Cup"]
[Site "Hotel Start-Dadaj Ramsowo"]
[Date "2009.09.23"]
[Round "6.4"]
[White "Renkowski, Piotr"]
[Black "Misiejuk, Zdzislaw"]
[Result "1-0"]
[WhiteElo "1691"]
[BlackElo "1982"]
[PlyCount "45"]
[EventDate "2009.09.19"]
[EventType "swiss"]
[EventRounds "9"]
[EventCountry "POL"]

1. e4 g6 2. d4 Bg7 3. c3 d6 4. f4 Nf6 5. Bd3 e5 6. fxe5 dxe5 7. dxe5 Nxe4 8.
Nf3 Nc5 9. Bb5+ Bd7 10. Bg5 Qc8 11. Bc4 Be6 12. Qd4 Nbd7 13. Bxe6 fxe6 14. Qc4
Nb6 15. Qxc5 Nd5 16. c4 Bf8 17. Qf2 Bb4+ 18. Nbd2 Nb6 19. O-O Rf8 20. Ne4 Nd7
21. a3 Be7 22. Bxe7 Kxe7 23. Qh4+ 1-0

[Event "24th Grunwald Cup"]
[Site "Hotel Start-Dadaj Ramsowo"]
[Date "2009.09.23"]
[Round "6.5"]
[White "Gunajew, Rafal"]
[Black "Wojcieszyn, Zdzislaw"]
[Result "1-0"]
[WhiteElo "2261"]
[BlackElo "2039"]
[PlyCount "67"]
[EventDate "2009.09.19"]
[EventType "swiss"]
[EventRounds "9"]
[EventCountry "POL"]

1. e4 c5 2. c3 Nf6 3. e5 Nd5 4. Nf3 d6 5. exd6 Qxd6 6. d3 g6 7. Be2 Bg7 8. Na3
O-O 9. Nc4 Qc7 10. h4 Bg4 11. Ng1 Bxe2 12. Nxe2 b5 13. Ne3 Nf4 14. Nxf4 Qxf4
15. h5 Nc6 16. hxg6 fxg6 17. O-O Qf7 18. Ng4 Qd5 19. Qe2 Rad8 20. Be3 Qxd3 21.
Qxd3 Rxd3 22. Bxc5 Rd2 23. Rab1 Rfd8 24. Rfe1 Kf7 25. Be3 R2d3 26. f3 a6 27.
Nf2 R3d5 28. Ne4 Ne5 29. Ng5+ Kg8 30. Ne6 Nd3 31. Nxd8 Nxe1 32. Nc6 Rd6 33.
Nxe7+ Kf7 34. Rxe1 1-0

[Event "24th Grunwald Cup"]
[Site "Hotel Start-Dadaj Ramsowo"]
[Date "2009.09.23"]
[Round "6.6"]
[White "Siluk, Zygmunt"]
[Black "Suder, Ryszard"]
[Result "0-1"]
[WhiteElo "1973"]
[BlackElo "2163"]
[PlyCount "88"]
[EventDate "2009.09.19"]
[EventType "swiss"]
[EventRounds "9"]
[EventCountry "POL"]

1. d4 Nf6 2. c4 g6 3. Nc3 d5 4. e3 Bg7 5. Nf3 O-O 6. cxd5 Nxd5 7. Bc4 Nxc3 8.
bxc3 c5 9. O-O Nc6 10. Ba3 cxd4 11. cxd4 Na5 12. Be2 Be6 13. Qa4 b6 14. Rfc1
Bd7 15. Qb4 Nc6 16. Qd2 Re8 17. Rc2 e5 18. dxe5 Nxe5 19. Nd4 Ba4 20. Rcc1 Nc6
21. Bb2 Nxd4 22. Bxd4 Qd6 23. Bd1 Bb5 24. Bb3 Rad8 25. Qb2 Bxd4 26. exd4 Ba6
27. Re1 Rxe1+ 28. Rxe1 Qxd4 29. Qxd4 Rxd4 30. h3 Kf8 31. Rc1 Rd7 32. Re1 Bb7
33. Ba4 Rd4 34. Re8+ Kg7 35. Bb3 Rd7 36. Re5 Kf6 37. Re3 Bd5 38. Rd3 Be6 39.
Rf3+ Ke7 40. Bxe6 Kxe6 41. Re3+ Kd6 42. Kf1 Kc5 43. Ke2 b5 44. Rc3+ Kb4 0-1

[Event "24th Grunwald Cup"]
[Site "Hotel Start-Dadaj Ramsowo"]
[Date "2009.09.23"]
[Round "6.7"]
[White "Bakalarczyk, Wlodzimierz"]
[Black "Zarow, Zdzislaw"]
[Result "1/2-1/2"]
[WhiteElo "2038"]
[BlackElo "2016"]
[PlyCount "108"]
[EventDate "2009.09.19"]
[EventType "swiss"]
[EventRounds "9"]
[EventCountry "POL"]

1. c4 e5 2. Nc3 Nc6 3. g3 Nf6 4. Bg2 Bc5 5. Nf3 d6 6. O-O Bg4 7. h3 Be6 8. d3
h6 9. a3 a5 10. Rb1 Qd7 11. Kh2 g5 12. Nd2 O-O-O 13. b4 axb4 14. axb4 Nxb4 15.
Nde4 Nxe4 16. Nxe4 f5 17. Nxc5 dxc5 18. Be3 b6 19. Ra1 Qd6 20. Qa4 Rde8 21. Bf3
Kd8 22. Bd2 Ke7 23. Rfb1 e4 24. Bh5 Ra8 25. Qb3 Rxa1 26. Rxa1 exd3 27. Qb2 Rg8
28. Bc3 Bxc4 29. exd3 Nxd3 30. Qe2+ Qe6 31. Qd2 Rd8 32. Be2 Qe4 33. f3 Qd5 34.
Rd1 Kf8 35. Bf6 Rd6 36. Qc3 Qe6 37. Bg7+ Kg8 38. Bf1 b5 39. Bxh6 Qxh6 40. Bxd3
Bxd3 41. Rxd3 Qe6 42. Qd2 Rxd3 43. Qxd3 Kf7 44. Qxb5 c4 45. g4 Qe2+ 46. Kg1 f4
47. Qf5+ Ke8 48. Qc8+ Ke7 49. Qxc7+ Kf6 50. Qd8+ Kf7 51. Qd5+ Ke8 52. Qb5+ Kf7
53. Qd7+ Kf8 54. Qd8+ Kf7 1/2-1/2

[Event "24th Grunwald Cup"]
[Site "Hotel Start-Dadaj Ramsowo"]
[Date "2009.09.23"]
[Round "6.9"]
[White "Sargalski, Andrzej"]
[Black "Rutkowski, Eugeniusz"]
[Result "1/2-1/2"]
[WhiteElo "1954"]
[BlackElo "1890"]
[PlyCount "62"]
[EventDate "2009.09.19"]
[EventType "swiss"]
[EventRounds "9"]
[EventCountry "POL"]

1. e4 a6 2. d4 b5 3. Bd3 Bb7 4. Nf3 Nf6 5. e5 Nd5 6. c3 e6 7. O-O c5 8. dxc5
Bxc5 9. Nbd2 f5 10. exf6 Nxf6 11. Nb3 Be7 12. Bc2 Qc7 13. h3 O-O 14. Nbd4 Nc6
15. Be3 Kh8 16. Qd3 Nxd4 17. Nxd4 Be4 18. Qe2 Bb7 19. Rfe1 Rae8 20. Rac1 Ba8
21. Bd3 Qb7 22. Qf1 Nd5 23. Be4 Qb8 24. Qd3 Nf6 25. Bxa8 Qxa8 26. c4 bxc4 27.
Rxc4 Nd5 28. Ra4 Nb4 29. Qe2 a5 30. a3 Nd5 31. Qd2 Bd8 1/2-1/2

[Event "24th Grunwald Cup"]
[Site "Hotel Start-Dadaj Ramsowo"]
[Date "2009.09.23"]
[Round "6.10"]
[White "Hornik, Bronislaw"]
[Black "Hagner, Pawel"]
[Result "1-0"]
[WhiteElo "1900"]
[BlackElo "1865"]
[PlyCount "106"]
[EventDate "2009.09.19"]
[EventType "swiss"]
[EventRounds "9"]
[EventCountry "POL"]

1. d4 Nf6 2. c4 g6 3. Nc3 Bg7 4. e4 d6 5. Nf3 O-O 6. Bd3 Nbd7 7. O-O e5 8. d5
Kh8 9. Bc2 Ng8 10. Bg5 Ndf6 11. h3 h6 12. Be3 Nh5 13. Nh2 Nf4 14. Qf3 g5 15.
Bxf4 gxf4 16. Qh5 Nf6 17. Qh4 Rg8 18. f3 c6 19. Nd1 cxd5 20. exd5 Qb6+ 21. Kh1
Qd4 22. Ng4 Bxg4 23. hxg4 e4 24. g5 Nh7 25. gxh6 Bf6 26. Qxf4 Rg6 27. Nf2 Be5
28. Qxe4 Rxh6+ 29. Nh3 Ng5 30. Qxd4 Bxd4 31. Bf5 Rg8 32. f4 Nxh3 33. Bxh3 Rc8
34. Rad1 Rxc4 35. b3 Rb4 36. a3 Rxb3 37. Rxd4 Rxa3 38. Rc1 b5 39. Rb4 a6 40.
Rc8+ Kg7 41. Ra8 Rd3 42. Kg1 Rxd5 43. Rxa6 Rc5 44. Rb6 Rf6 45. f5 Rc1+ 46. Kf2
Rc3 47. R6xb5 Rd3 48. Ke2 Ra3 49. Rd4 Ra6 50. g4 Rh6 51. Rb3 Ra2+ 52. Rd2 Ra4
53. Bg2 Rh3 1-0

[Event "24th Grunwald Cup"]
[Site "Hotel Start-Dadaj Ramsowo"]
[Date "2009.09.23"]
[Round "6.12"]
[White "Kardasz, Wladyslaw"]
[Black "Czajkowski, Adam"]
[Result "1-0"]
[WhiteElo "1917"]
[BlackElo "1711"]
[PlyCount "49"]
[EventDate "2009.09.19"]
[EventType "swiss"]
[EventRounds "9"]
[EventCountry "POL"]

1. e4 c5 2. Nf3 e6 3. c4 d5 4. exd5 exd5 5. cxd5 Nf6 6. Bb5+ Bd7 7. Qe2+ Qe7 8.
Nc3 a6 9. Bd3 Qxe2+ 10. Kxe2 b5 11. Re1 b4 12. Kf1+ Kd8 13. Ne5 Be8 14. Ne4
Nxe4 15. Bxe4 Bd6 16. Nc4 Kc7 17. d3 g6 18. Nxd6 Kxd6 19. Bf4+ Kd7 20. Be5 Rg8
21. Rac1 f5 22. Bf3 a5 23. Rxc5 Na6 24. Rxa5 Kc8 25. d6 1-0

[Event "24th Grunwald Cup"]
[Site "Hotel Start-Dadaj Ramsowo"]
[Date "2009.09.23"]
[Round "6.13"]
[White "Stankiewicz, Edward"]
[Black "Boese, Artur"]
[Result "1/2-1/2"]
[WhiteElo "1921"]
[BlackElo "1935"]
[PlyCount "45"]
[EventDate "2009.09.19"]
[EventType "swiss"]
[EventRounds "9"]
[EventCountry "POL"]

1. e4 d6 2. d4 Nf6 3. Nc3 g6 4. Be3 Bg7 5. Qd2 O-O 6. f3 e6 7. Bd3 Nbd7 8. Nge2
e5 9. h4 h5 10. Ng3 b5 11. d5 b4 12. Nd1 c5 13. Bg5 a5 14. Ne3 Nb6 15. Ngf1 Qe7
16. Nc4 Nxc4 17. Bxc4 Ba6 18. Bxa6 Rxa6 19. Qe2 Rfa8 20. g4 hxg4 21. fxg4 Qd7
22. Rg1 c4 23. Ng3 1/2-1/2

[Event "24th Grunwald Cup"]
[Site "Hotel Start-Dadaj Ramsowo"]
[Date "2009.09.23"]
[Round "6.14"]
[White "Wyrzykowski, Jozef"]
[Black "Poswiatowski, Stanislaw"]
[Result "0-1"]
[WhiteElo "1786"]
[BlackElo "1674"]
[PlyCount "80"]
[EventDate "2009.09.19"]
[EventType "swiss"]
[EventRounds "9"]
[EventCountry "POL"]

1. g3 d5 2. d4 c6 3. Bg2 Bf5 4. Nc3 e6 5. Nf3 Nf6 6. Nh4 Bg6 7. Nxg6 hxg6 8.
Qd3 Nbd7 9. h4 Qc7 10. Bf4 Bd6 11. Bxd6 Qxd6 12. e4 dxe4 13. Nxe4 Nxe4 14. Bxe4
Nf6 15. O-O-O O-O-O 16. Bg2 Rd7 17. Rd2 Rhd8 18. Rhd1 Qb4 19. a3 Qa4 20. Qc3
Nd5 21. Qf3 Nc7 22. Qe3 Nb5 23. c3 Qb3 24. Be4 Nd6 25. Bd3 Qa2 26. Kc2 a5 27.
Qe5 b5 28. Qxg7 Nc4 29. Bxc4 bxc4 30. Rb1 c5 31. f4 cxd4 32. Rxd4 Rxd4 33. cxd4
Qb3+ 34. Kc1 Qe3+ 35. Kc2 Qd3+ 36. Kc1 c3 37. bxc3 Qxc3+ 38. Kd1 Rxd4+ 39. Qxd4
Qxd4+ 40. Kc2 Qf2+ 0-1

[Event "24th Grunwald Cup"]
[Site "Hotel Start-Dadaj Ramsowo"]
[Date "2009.09.23"]
[Round "6.15"]
[White "Staruch, Roman"]
[Black "Kulik, Roman"]
[Result "1-0"]
[WhiteElo "1987"]
[BlackElo "1879"]
[PlyCount "63"]
[EventDate "2009.09.19"]
[EventType "swiss"]
[EventRounds "9"]
[EventCountry "POL"]

1. e4 e6 2. d4 d5 3. e5 c5 4. c3 Nc6 5. Nf3 Bd7 6. Bd3 Qc7 7. O-O Nge7 8. Nbd2
Ng6 9. h4 Be7 10. g3 f6 11. h5 Nf8 12. Re1 fxe5 13. dxe5 O-O-O 14. a3 g6 15. h6
g5 16. Nf1 Rg8 17. b4 g4 18. N3h2 Nxe5 19. Bf4 Bd6 20. bxc5 Nf3+ 21. Nxf3 Bxf4
22. Nd4 Bxh6 23. c6 Bxc6 24. Nxe6 Nxe6 25. Rxe6 Bf8 26. Bf5 Bd7 27. Rf6 Bc5 28.
Qxd5 Bxf5 29. Qxf5+ Kb8 30. a4 h5 31. Rb1 Rd7 32. Qxh5 1-0